<?xml version="1.0" encoding="UTF-8"?>
<record
    xmlns:xsi="http://www.w3.org/2001/XMLSchema-instance"
    xsi:schemaLocation="http://www.loc.gov/MARC21/slim http://www.loc.gov/standards/marcxml/schema/MARC21slim.xsd"
    xmlns="http://www.loc.gov/MARC21/slim">

  <leader>01339nam a22001817a 4500</leader>
  <controlfield tag="008">111215t        xxu||||| |||| 00| 0 eng d</controlfield>
  <datafield tag="020" ind1=" " ind2=" ">
    <subfield code="a">1557752192</subfield>
  </datafield>
  <datafield tag="050" ind1=" " ind2=" ">
    <subfield code="a">HC59.7.M239</subfield>
  </datafield>
  <datafield tag="245" ind1=" " ind2=" ">
    <subfield code="a">Macroeconomic models for adjustment in developing countries /</subfield>
    <subfield code="c">edited by Moshin S. Khan, Peter J. Montiel and Nadeem U. Hague.</subfield>
  </datafield>
  <datafield tag="260" ind1=" " ind2=" ">
    <subfield code="a">U.S.A.:</subfield>
    <subfield code="b">International Monetary Fund,</subfield>
    <subfield code="c">c1991.</subfield>
  </datafield>
  <datafield tag="300" ind1=" " ind2=" ">
    <subfield code="a">vii, 323 p.</subfield>
    <subfield code="b">ill.</subfield>
    <subfield code="c">23cm.</subfield>
  </datafield>
  <datafield tag="505" ind1=" " ind2=" ">
    <subfield code="a">Contents: Introduction -- A Model of adjustment and growth: An Empirical analysis -- Stabilization programs in developing countries: A Formal framework -- Prices, output, and the trade balance in Iran -- Oil wealth and economic behaviour: The Case of Venezuela -- Financial, exchange rate, and wage policies in Singapore -- Domestic credit and exchange rates in developing countries: Some policy experiments with Korean data -- Stabilization policies in developing countries with a parallel market foreign exchange -- A Macroeconomic model for developing countries -- Dynamic responses to policy and exogenous shocks in an empirical developing country model with rational expectations -- A Forward-looking macroeconomic simulation model for a developing country.</subfield>
  </datafield>
  <datafield tag="650" ind1=" " ind2=" ">
    <subfield code="a">Macroeconomic.</subfield>
  </datafield>
  <datafield tag="700" ind1=" " ind2=" ">
    <subfield code="a">Khan, Moshin S.</subfield>
  </datafield>
  <datafield tag="700" ind1=" " ind2=" ">
    <subfield code="a">Montiel, Peter J.</subfield>
  </datafield>
  <datafield tag="700" ind1=" " ind2=" ">
    <subfield code="a">Haque, Nadeem U.</subfield>
  </datafield>
  <datafield tag="942" ind1=" " ind2=" ">
    <subfield code="2">lcc</subfield>
    <subfield code="c">BK</subfield>
  </datafield>
  <datafield tag="999" ind1=" " ind2=" ">
    <subfield code="c">403</subfield>
    <subfield code="d">7903</subfield>
  </datafield>
  <datafield tag="952" ind1=" " ind2=" ">
    <subfield code="0">0</subfield>
    <subfield code="1">0</subfield>
    <subfield code="2">lcc</subfield>
    <subfield code="4">0</subfield>
    <subfield code="7">0</subfield>
    <subfield code="a">WIUC-1</subfield>
    <subfield code="b">WIUC-1</subfield>
    <subfield code="c">GEN</subfield>
    <subfield code="d">2011-12-15</subfield>
    <subfield code="l">0</subfield>
    <subfield code="o">HC59.7.M239</subfield>
    <subfield code="p">1039/11</subfield>
    <subfield code="r">2011-12-15 00:00:00</subfield>
    <subfield code="w">2011-12-15</subfield>
    <subfield code="y">BK</subfield>
  </datafield>
</record>
